Catálogo Biblioteca Central

UNESID (Registro nro. 120056)

Detalles MARC
000 -CABECERA
campo de control de longitud fija 00765nam a2200253 4500
001 - NÚMERO DE CONTROL
campo de control 120056
003 - IDENTIFICADOR DEL NÚMERO DE CONTROL
campo de control ES-MaBCM
005 - FECHA Y HORA DE LA ÚLTIMA TRANSACCIÓN
campo de control 20241016143526.0
008 - CÓDIGOS DE INFORMACIÓN DE LONGITUD FIJA
campo de control de longitud fija 051219s1971 esp spa d
017 ## - NÚMERO DE COPYRIGHT O DE DEPÓSITO LEGAL
Depósito legal M.14624-1971
021 ## -
-- xx
035 ## - NÚMERO DE CONTROL DEL SISTEMA
Número de control de sistema (OCoLC)1365185992
040 ## - FUENTE DE LA CATALOGACIÓN
Centro transcriptor ES-MaBCM
041 0# - CÓDIGO DE LENGUA
Código de lengua del texto/banda sonora o título independiente spa
245 00 - MENCIÓN DE TÍTULO
Título UNESID
Resto del título : cuadernos monográficos
260 ## - PUBLICACIÓN, DISTRIBUCIÓN, ETC. (PIE DE IMPRENTA)
Lugar de publicación distribución etc. Madrid :
Nombre del editor distribuidor etc. Unesid,
-- Sindicato Nacional del Metal
Fecha de publicación distribución etc. 1971
Nombre del editor distribuidor etc. Sindicato Nacional del Metal,
300 ## - DESCRIPCIÓN FÍSICA
Extensión 187 p.
Dimensiones 30 cm
440 #0 - MENCIÓN DE SERIE/PUNTO DE ACCESO ADICIONAL--TÍTULO
Título Repertorio legislativo
RLIN 108428
-- Documento
-- 3
650 27 - PUNTO DE ACCESO ADICIONAL DE MATERIA--TÉRMINO DE MATERIA
Término de materia o nombre geográfico como elemento inicial Industria siderúrgica
9 (RLIN) 58985
651 24 - PUNTO DE ACCESO ADICIONAL DE MATERIA--NOMBRE GEOGRÁFICO
Nombre geográfico España
9 (RLIN) 115342
710 2# - PUNTO DE ACCESO ADICIONAL--NOMBRE DE ENTIDAD CORPORATIVA
Nombre de entidad o nombre de jurisdicción como elemento inicial Unión de Empresas Siderúrgicas
9 (RLIN) 52887
710 2# - PUNTO DE ACCESO ADICIONAL--NOMBRE DE ENTIDAD CORPORATIVA
Nombre de entidad o nombre de jurisdicción como elemento inicial Sindicato Nacional del Metal (España)
9 (RLIN) 63857
942 ## - ELEMENTOS DE PUNTO DE ACCESO ADICIONAL (KOHA)
Tipo de ítem Koha Libros
Existencias
Estado de retiro Estado de pérdida Fuente del sistema de clasificación o colocación Estado dañado No para préstamo Localización permanente Ubicación/localización actual Ubicación en estantería Fecha de adquisición Número de inventario Número de registro Signatura topográfica completa Código de barras Precio válido a partir de Tipo de ítem Koha
          Biblioteca Central del Ministerio de la Presidencia Biblioteca Central del Ministerio de la Presidencia Sala 19/12/2005 13602 13602 6687 1032628 19/12/2005 Libros